Statistics for The streets of Copenhagen (map)/ Gader og stræder i Købehavn (kort)

Click here to take the quiz!

General Stats

  • This quiz has been taken 28 times
  • The average score is 88 of 584

Answers on the Map

Answers color-coded by a green-red scale on the quiz's map according to % correct below.
 

Answer Stats

HintAnswer% Correct
StrøgetØstergade
93%
GadeNorsvej
86%
StrøgetNygade
86%
GadeAmaliegade
79%
GadeNørre Alle
79%
GadeNørregade
79%
GadeVestergade
79%
GadeAmager Boulevard
71%
GadeAmagergade
71%
GadeH.C. Andersens Boulevard
71%
PladsKongens Nytorv
64%
GadeAmagerbrogade
57%
GadeBredgade
57%
BroDronning Louises Bro
57%
GadeGothersgade
57%
Gadekobmagergade
57%
GadeNørrebrogade
57%
GadeRådhusstræde
57%
GadeVesterbrogade
57%
GadeChristiansborggade
50%
GadeFrederiksgade
50%
GadeGammelkongevej
50%
PladsIsraels Plads
50%
GadeIstedgade
50%
BroKnippelsbro
50%
GadeKnippelsbrogade
50%
BroLangebro
50%
GadeLangebrogade
50%
GadeNyhavn
50%
GadeRefshalevej
50%
GadeRosengade
50%
GadeVed Langebro
50%
GadeÅboulevard
43%
GadeBlegdamsvej
43%
GadeFælledvej
43%
GadeFiolstræde
43%
GadeGyldenløvesgade
43%
PladsHalmtorvet
43%
BroHøjbro
43%
GadeIslands Brygge
43%
GadeKrystalgade
43%
GadeNørre Voldgade
43%
PladsNytorv
43%
GadeRyesgade
43%
GadeSølvgade
43%
GadeSønder Boulevard
43%
GadeSortedams Dossering
43%
GadeTorvegade
43%
GadeAdelgade
36%
PladsAxeltorv
36%
GadeBlågårdsgade
36%
GadeBørsgade
36%
GadeDanasvej
36%
GadeDronningensgade
36%
GadeFredensgade
36%
StrøgetFrederiksberggade
36%
GadeFrederiksborggade
36%
PladsGammel Strand
36%
PladsGammeltorv
36%
GadeGriffenfeldsgade
36%
GadeGuldbergsgade
36%
GadeHolmbladsgade
36%
GadeHolmbladsvænge
36%
GadeKampmannsgade
36%
GadeKastellet
36%
GadeKronprinsessegade
36%
PladsKultorvet
36%
GadeLæderstræde
36%
GadeMøllegade
36%
GadeNansensgade
36%
GadeØster Søgade
36%
GadePrinsessegade
36%
PladsRådhuspladsen
36%
GadeSaxogade
36%
GadeSkindergade
36%
GadeSlotsgade
36%
GadeStore Kongensgade
36%
GadeTagensvej
36%
GadeVester Søgade
36%
GadeVester Voldgade
36%
GadeVodroffsvej
36%
GadeÅbenrå
29%
GadeAbsalonsgade
29%
StrøgetAmagertorv
29%
PladsAmalienborg Slotsplads
29%
GadeDelfingade
29%
GadeDronningens Tværgade
29%
GadeElmegade
29%
GadeGasværksvej
29%
GadeGråbrødrestræde
29%
GadeGrønnegade
29%
GadeHavnegade
29%
GadeHolbergsgade
29%
GadeHolmens Kanal
29%
GadeHyskenstræde
29%
GadeIngerslevsgade
29%
GadeKalvebod Brygge
29%
GadeKorsgade
29%
GadeKristen Bernikows Gade
29%
GadeKrokodillegade
29%
GadeLille Kannikestræde
29%
GadeMagstræde
29%
GadeMøntergade
29%
GadeNjalsgade
29%
GadeNørre Farimagsgade
29%
GadeNørre Søgade
29%
GadeNy Kongensgade
29%
GadeNy Østergade
29%
GadeNyropsgade
29%
PladsOslo Plads
29%
GadeØster Farimagsgade
29%
GadeØster Voldgade
29%
GadeOtto Mønsteds Gade
29%
GadePalægade
29%
GadePilestræde
29%
PladsRegnbuepladsen
29%
GadeRosenørns Alle
29%
GadeSankt Annæ Gade
29%
GadeSankt Annæ Plads
29%
GadeSankt Hans Gade
29%
GadeSankt Hans Gades Passage
29%
PladsSankt Hans Torv
29%
PladsSøtorvet
29%
GadeStockholmsgade
29%
GadeStore Kannikestræde
29%
GadeStormgade
29%
GadeStrandgade
29%
GadeStudiestræde
29%
GadeSveasvej
29%
GadeTietgensgade
29%
GadeVendersgade
29%
GadeVermlandsgade
29%
GadeVester Farimagsgade
29%
GadeVognmagergade
29%
GadeWeidekampsgade
29%
GadeAdmiralgade
21%
GadeBagerstræde
21%
GadeBernstorffsgade
21%
GadeBorgergade
21%
GadeBremerholm
21%
PladsChristiansborg Slotsplads
21%
GadeChristians Brygge
21%
GadeColbjørnsensgade
21%
PladsDanas Plads
21%
GadeDannebrosgade
21%
GadeEsplanaden
21%
GadeFarvergade
21%
BroFredensbro
21%
GadeFredericiagade
21%
GadeFrederiksholms Kanal
21%
GadeH.C. Ørstedsvej
21%
GadeHerholdtsgade
21%
PladsHøjbro Plads
21%
PladsJarmers Plads
21%
GadeKattesundet
21%
GadeKlosterstræde
21%
GadeKompagnistræde
21%
GadeKronprinsensgade
21%
GadeKvægtorvsgade
21%
GadeKvæsthusgade
21%
GadeLandemærket
21%
GadeLangelinje
21%
GadeLangelinje Alle
21%
GadeLarsbjørnsstræde
21%
GadeLarslejsstræde
21%
GadeLille Kongensgade
21%
GadeLinnésgade
21%
GadeMikkel Bryggers Gade
21%
GadeNaboløs
21%
GadeNiels Hemmingsens Gade
21%
GadeNy Adelgade
21%
GadeNybrogade
21%
GadeØrestads Boulevard
21%
PladsOtto Mønsteds Plads
21%
GadeOvergaden Neden Vandet
21%
GadeOvergaden Oven Vandet
21%
GadePeblinge Dossering
21%
GadePeter Fabersgade
21%
PladsPolititorvet
21%
GadePrags Boulevard
21%
GadeRantzausgade
21%
GadeRavnsborggade
21%
GadeRavnsborg Tværgade
21%
GadeReventlowsgade
21%
GadeRosengården
21%
GadeRysensteensgade
21%
GadeSankt Peders Stræde
21%
GadeSjællandsgade
21%
GadeSkydebanegade
21%
GadeSlotsholmsgade
21%
GadeSværtegade
21%
GadeTeglgårdsstræde
21%
GadeTordenskjoldsgade
21%
PladsVandkunsten
21%
GadeVed Stranden
21%
GadeVed Vesterport
21%
StrøgetVimmelskaftet
21%
GadeVingårdstræde
21%
GadeWebersgade
21%
GadeAbel Cathrines Gade
14%
GadeAmagerfælledvej
14%
GadeBadstuestræde
14%
GadeBaggesensgade
14%
GadeBag Rådhuset
14%
GadeBergensgade
14%
PladsBlågårds Plads
14%
GadeBradbænken
14%
GadeBrolæggerstræde
14%
GadeCarlsgade
14%
BroChristian IV's Bro
14%
GadeChristian IX's Gade
14%
GadeChristianshavns Kanal
14%
GadeChristianshavns Voldgade
14%
PladsChristmas Møllers Plads
14%
GadeDag Hammarskjolds Alle
14%
GadeDanneskjold-Samsøes Alle
14%
PladsDantes Plads
14%
GadeDyrkøb
14%
GadeEskildsgade
14%
GadeFabriksmestervej
14%
PladsFlæsketorvet
14%
GadeFolke Bernadottes Alle
14%
GadeGammel Mønt
14%
PladsGeorg Brandes Plads
14%
GadeGernersgade
14%
PladsGråbrødretorv
14%
GadeGrønningen
14%
GadeHambrosgade
14%
GadeHammerichsgade
14%
GadeHausergade
14%
PladsHauser Plads
14%
GadeHelgolandsgade
14%
GadeHestemøllestræde
14%
GadeHovedvagtsgade
14%
GadeHøyensgade
14%
GadeIndiakaj
14%
GadeIndiavej
14%
GadeJernbanegade
14%
GadeJulius Thomsens Gade
14%
GadeKlaksvigsgade
14%
GadeKlerkegade
14%
GadeKløvermarksvej
14%
GadeKnabrostræde
14%
GadeKødboderne
14%
GadeLæssøesgade
14%
GadeLaksegade
14%
GadeLavendelstræde
14%
GadeLille Istedgade
14%
GadeLøngangstræde
14%
GadeLøvstræde
14%
GadeLundsgade
14%
GadeMalmøgade
14%
GadeMitchellsgade
14%
GadeNiels Brocks Gade
14%
GadeNiels Juels Gade
14%
GadeNikolajgade
14%
PladsNikolaj Plads
14%
PladsNina Bangs Plads
14%
GadeNy Vestergade
14%
PladsOfelia Plads
14%
GadeOlfert Fischers Gade
14%
GadeØstrigsgade
14%
GadePustervig
14%
GadeRigensgade
14%
GadeRømersgade
14%
GadeRosenborggade
14%
GadeSankt Markus Alle
14%
GadeSankt Pauls Gade
14%
GadeSchacksgade
14%
GadeSilkegade
14%
GadeSmedegade
14%
GadeSofiegade
14%
GadeStaldgade
14%
GadeStengade
14%
GadeStokhusgade
14%
GadeStoltenbergsgade
14%
GadeStore Regnegade
14%
GadeSuomisvej
14%
GadeSvanegade
14%
GadeSvendsgade
14%
GadeTigergade
14%
GadeTøjhusgade
14%
GadeUplandsgade
14%
GadeValkendorfsgade
14%
GadeVed Glyptoteket
14%
GadeVed Stadsgraven
14%
GadeViktoriagade
14%
GadeVildandegade
14%
GadeVindebrogade
14%
GadeWesselsgade
14%
GadeAgnes Henningsens Vej
7%
GadeAhornsgade
7%
GadeAnker Heegaards Gade
7%
GadeArsenalvej
7%
PladsAsiatisk Plads
7%
GadeAsylgade
7%
GadeBådmandsstræde
7%
GadeBangertsgade
7%
GadeBirkegade
7%
GadeBodenhoffs Plads
7%
GadeBornholmsgade
7%
GadeBrobergsgade
7%
GadeBurmeistersgade
7%
GadeCarl Plougs Vej
7%
PladsCharlotte Ammundsens Plads
7%
PladsChristiansborg Ridebane
7%
GadeCollinsgade
7%
GadeDahlerupsgade
7%
GadeDalslandsgade
7%
GadeEdvard Falcks Gade
7%
GadeEgegade
7%
GadeEstlandsgade
7%
GadeEwaldsgade
7%
GadeFensmarksgade
7%
GadeFilippavej
7%
GadeForchhammersvej
7%
GadeFortunstræde
7%
GadeGammeltoftsgade
7%
GadeGartnergade
7%
GadeGåsegade
7%
GadeHallinsgade
7%
GadeHaregade
7%
GadeHerluf Trolles Gade
7%
GadeHf. Kløvermarken
7%
GadeJens Kofods Gade
7%
PladsJulius Thomsens Plads
7%
GadeKapelvej
7%
GadeKejsergade
7%
GadeKlarboderne
7%
GadeKleinsgade
7%
GadeKongebrovej
7%
GadeKrusågade
7%
PladsLandgreven
7%
GadeLaplandsgade
7%
PladsLarsens Plads
7%
GadeLetlandsgade
7%
GadeLille Fredensgade
7%
GadeLille Kirkestræde
7%
GadeLille Strandstræde
7%
PladsLitauens Plads
7%
GadeLønporten
7%
GadeLundingsgade
7%
GadeMargretheholmsvej
7%
GadeMartinsvej
7%
GadeMurergade
7%
GadeNordre Toldbod
7%
GadeNørre Sidealle
7%
GadeOehlenschlægersgade
7%
GadeOlof Palmes Gade
7%
GadeØstbanegade
7%
GadePeder Skrams Gade
7%
GadePolensgade
7%
GadePoul Ankers Gade
7%
BroPrinsens Bro
7%
GadePrinsesse Charlottes Gade
7%
GadePrinsesse Maries Alle
7%
GadePrins Jørgens Gade
7%
GadeProviantpassagen
7%
GadePuggaardsgade
7%
GadeReverdilsgade
7%
PladsRigsdagsgården
7%
GadeSankt Jørgens Alle
7%
GadeSchleppegrellsgade
7%
GadeSchønbergsgade
7%
GadeSiljangade
7%
GadeSjæleboderne
7%
GadeSkoubogade
7%
GadeSlagterhusgade
7%
GadeSolitudevej
7%
GadeSteenstrups Alle
7%
GadeStenosgade
7%
GadeStevnsgade
7%
GadeStore Kirkestræde
7%
GadeStore Mølle Vej
7%
GadeStore Strandstræde
7%
GadeStutterigade
7%
GadeSuensonsgade
7%
GadeSvinget
7%
GadeThorupsgade
7%
GadeTibirkegade
7%
BroTietgensbro
7%
GadeTimiansgade
7%
GadeTømrergade
7%
GadeTornebuskegade
7%
GadeTorshavnsgade
7%
GadeTrangravsvej
7%
GadeTrepkasgade
7%
GadeTrommesalen
7%
GadeTrondhjemsgade
7%
GadeTullinsgade
7%
GadeTuresensgade
7%
GadeUngarnsgade
7%
GadeVed Kløvermarken
7%
PladsVesterbros Torv
7%
GadeVisbygade
7%
GadeVoldmestergade
7%
GadeWestend
7%
GadeWiedeweltsgade
7%
GadeZinnsgade
7%
GadeAbildgaardsgade
0%
GadeAdolph Steens Alle
0%
PladsÆggetorvet
0%
GadeAhlefaldtsgade
0%
PladsA.H. Vedels Plads
0%
GadeAlléen
0%
GadeAndreas Bjørns Gade
0%
GadeAntonigade
0%
PladsApplebys Plads
0%
GadeAsnæsgade
0%
GadeAugust Bournonvilles Passage
0%
GadeBardenflethsgade
0%
GadeBartholinsgade
0%
PladsBertel Thorvaldsens Plads
0%
PladsBispetorvet
0%
GadeBohlendachvej
0%
GadeBoldhusgade
0%
BroBørnehusbroen
0%
BroBørsbroen
0%
BroBryghusbroen
0%
PladsBryghuspladsen
0%
GadeCarsten Niebuhrs Gade
0%
PladsChristianhavns Torv
0%
GadeChurchillparken
0%
GadeCort Adelers Gade
0%
GadeDavid Balfours Gade
0%
GadeDonaugade
0%
GadeDybensgade
0%
GadeEckersbergsgade
0%
GadeEdith Rodes Vej
0%
GadeEgilsgade
0%
PladsEidvolds Plads
0%
GadeEkvipagemestervej
0%
PladsElefanten
0%
GadeElsdyrsgade
0%
PladsErik Skaløes Plads
0%
GadeEskadrevej
0%
GadeFælledvejens Passage
0%
GadeFlinterenden
0%
GadeFlyhangargade
0%
GadeForbindelsesvej
0%
GadeForhåbningsholms Alle
0%
GadeForlandet
0%
BroFrederiksholms Bro
0%
GadeFrederik Viis Gade
0%
PladsFrue Plads
0%
GadeGalionsvej
0%
GadeGammelvagt
0%
PladsGuldberg Byplads
0%
GadeGuldbergs Have
0%
GadeHalgreensgade
0%
GadeHalvtolv
0%
GadeHammerensgade
0%
GadeHammerhøis Kaj
0%
GadeHans Kirks Vej
0%
GadeHarald Landers Gade
0%
GadeH.C. Sneedorffs Alle
0%
GadeHedemannsgade
0%
GadeHejredalsgade
0%
GadeHelgesensgade
0%
PladsHenrik Gerners Plads
0%
GadeHenrik Pontoppidans Vej
0%
GadeHenrik Spans Vej
0%
PladsHerman Triers Plads
0%
GadeHf. Kløverblømsten
0%
GadeHf. Sommerly
0%
PladsHjalmar Brantings Plads
0%
GadeHjertenfrydsgade
0%
GadeHøkerboderne
0%
BroHolmens Bro
0%
GadeInge Lehmannsvej
0%
GadeIrmingersgade
0%
GadeJakob Dannefærdes Vej
0%
GadeJ.A. Schwartz Gade
0%
GadeJens Juels Gade
0%
GadeJohn Semps Gade
0%
PladsJudichærs Plads
0%
GadeJuliane Maries Vej
0%
GadeKanonbådsvej
0%
GadeKastanjegang
0%
GadeKjeld Langes Gade
0%
GadeKristianagade
0%
GadeKristian Erslevs Gade
0%
PladsKrøyers Plads
0%
GadeKrudtlobsvej
0%
GadeKrusemyntegade
0%
GadeKuglegårdsvej
0%
GadeLeo Mathisens Vej
0%
GadeLille Colbjørnsensgade
0%
GadeLille Farimagsgade
0%
GadeLille Søndervoldstræde
0%
PladsLille Triangel
0%
GadeLimgården
0%
GadeLindegang
0%
GadeLuftmarinegade
0%
GadeLupingang
0%
GadeLybækgade
0%
GadeLynæsgade
0%
GadeLyneborggade
0%
GadeMarkmandsgade
0%
BroMarmorbroen
0%
GadeMattæusgade
0%
GadeMeinumsgade
0%
GadeMeklenborggade
0%
GadeMikkel Vibes Gade
0%
GadeMinørvej
0%
GadeNicolai Eigtveds Gade
0%
GadeNiels Ebbesens Vej
0%
GadeNøddebogade
0%
PladsNordatlantens Brygge
0%
PladsNyboder Plads
0%
GadeNyhavnsbroen
0%
GadeOle Suhrs Gade
0%
PladsOnkel Dannys Plads
0%
GadeOrlogsværftsvej
0%
PladsOtto Krabbes Plads
0%
GadePer Knutzonsvej
0%
GadePeter Vedels Gade
0%
GadePhilip De Langes Alle
0%
GadeP. Løwenørns Vej
0%
GadePoppelgade
0%
PladsPrins Jørgens Gård
0%
GadeRævegade
0%
GadeRefsnæsgade
0%
GadeReykjaviksgade
0%
GadeRørhølmsgade
0%
GadeRosengang
0%
GadeSankt Gertruds Stræde
0%
PladsSankt Markus Plads
0%
PladsSankt Pauls Plads
0%
PladsSaugværkspladsen
0%
GadeSkælbækgade
0%
GadeSkovgaardsgade
0%
GadeSlagterboderne
0%
GadeSnaregade
0%
BroSnørrebroen
0%
GadeSøflygade
0%
GadeSommerstedgade
0%
GadeSøpassagen
0%
PladsSøren Kirekegaards Plads
0%
GadeSpanteloftvej
0%
GadeStavangergade
0%
GadeSteenwinkelsvej
0%
GadeStore Søndervoldstræde
0%
BroStormbroen
0%
GadeStrandgang
0%
GadeSuhmsgade
0%
GadeSvanholmsvej
0%
GadeSvend Trøsts Vej
0%
GadeSyrengang
0%
GadeTakkeladsvej
0%
GadeThit Jensens Vej
0%
GadeTjørnegade
0%
GadeTodesgade
0%
GadeToldboldgade
0%
PladsTrinitatis Kirkeplads
0%
PladsTrondhjems Plads
0%
GadeUdbygade
0%
GadeUpsalagade
0%
BroVærftsbroen
0%
GadeVæversgade
0%
BroVandværksviadukten
0%
GadeVed Amagerport
0%
GadeVed Kanalen
0%
GadeVed Kongeporten
0%
GadeVed Linden
0%
GadeVed Mønten
0%
GadeVed Norgesporten
0%
GadeVed Sixtusbatteriet
0%
GadeVed Skansen
0%
GadeVed Søminegraven
0%
GadeVed Sønderport
0%
GadeVed Volden
0%
GadeVestmannagade
0%
GadeVindmøllevej
0%
GadeVodroffslund
0%
GadeVodroffs Tværgade
0%
GadeVoldboligerne
0%
GadeVoldgården
0%
BroWildersbro
0%
GadeWildersgade
0%
PladsWilders Plads
0%
GadeWilhelm Marstrands Gade
0%
GadeWorsaaesvej
0%

Score Distribution

Percentile by Number Answered

Percent of People with Each Score

Your Score History

You have not taken this quiz